Rozpoznaj samochód po zdjęciu - Statystyki

Ogólne statystyki
  • Ten quiz został rozwiązany 38 razy
  • Średni wynik to 4 z 6
Statystyki odpowiedzi
Obrazkowy Odpowiedź % Poprawnych
Porsche 911
86%
Renault Clio
83%
Audi R8
77%
Audi TT
77%
Opel Corsa
74%
Volkswagen Ogórek
26%
Nie znaleziono quizów pasujących do podanych kryteriów
Rozkład punktacji
Procent ludzi z każdym wynikiem
Percentyl według liczby udzielonych odpowiedzi
Twoja historia wyników
Nie rozwiązałeś tego quizu